ਨਗ਼ਮਾ ਪਤਝੜ ਦਾ : (Record no. 110184)

MARC details
000 -LEADER
fixed length control field 00934nam a22002537a 4500
005 - DATE AND TIME OF LATEST TRANSACTION
control field 20170123164148.0
010 ## - LIBRARY OF CONGRESS CONTROL NUMBER
LC control number A-977660
020 ## - INTERNATIONAL STANDARD BOOK NUMBER
Terms of availability 120.00
035 ## - SYSTEM CONTROL NUMBER
System control number A-977660
037 ## - SOURCE OF ACQUISITION
Source of stock number/acquisition Cen Lib/Ret
040 ## - CATALOGING SOURCE
Original cataloging agency DPL
Language of cataloging PN
082 ## - DEWEY DECIMAL CLASSIFICATION NUMBER
Classification number 851
Item number ਸਰਨਾ
100 ## - MAIN ENTRY--PERSONAL NAME
Personal name ਸਰਨਾ, ਸੁਰਜੀਤ
9 (RLIN) 124465
245 ## - TITLE STATEMENT
Title ਨਗ਼ਮਾ ਪਤਝੜ ਦਾ :
Statement of responsibility, etc ਸਰਨਾ
Remainder of title ਕਵਿਤਾਵਾਂ /
246 ## - VARYING FORM OF TITLE
Title proper/short title Nagma patjharh da :collection of poem /
Remainder of title by Surjit Sarna
260 ## - PUBLICATION, DISTRIBUTION, ETC. (IMPRINT)
Place of publication, distribution, etc ਦਿੱਲੀ
Name of publisher, distributor, etc ਆਰਸੀ ਪਬਲਿਸ਼ਰਜ਼
Date of publication, distribution, etc 2000
270 ## - ADDRESS
Address ਚਾਂਦਨੀ ਚੋਕ
City ਦਿੱਲੀ
Postal code 110006
300 ## - PHYSICAL DESCRIPTION
Extent 94p.
Dimensions 22cm(Hb)
650 ## - SUBJECT ADDED ENTRY--TOPICAL TERM
Topical term or geographic name as entry element ਸਾਹਿਤ--ਪੰਜਾਬੀ
9 (RLIN) 124466
650 ## - SUBJECT ADDED ENTRY--TOPICAL TERM
Topical term or geographic name as entry element ਪੰਜਾਬੀ -- ਕਵਿਤਾਆਂ
9 (RLIN) 124467
650 ## - SUBJECT ADDED ENTRY--TOPICAL TERM
Topical term or geographic name as entry element Literature--Punjabi
9 (RLIN) 124468
650 ## - SUBJECT ADDED ENTRY--TOPICAL TERM
Topical term or geographic name as entry element Punjabi -- Poetry
9 (RLIN) 124469
942 ## - ADDED ENTRY ELEMENTS (KOHA)
Source of classification or shelving scheme Dewey Decimal Classification
Koha item type Punjabi Bks
Classification part 851
Call number suffix ਸਰਨਾ
Holdings
Withdrawn status Lost status Damaged status Not for loan Home library Current library Date acquired Source of acquisition Cost, normal purchase price Total Checkouts Full call number Barcode Date last seen Copy number Cost, replacement price Price effective from Koha item type
        Central Library Central Library 15/01/2016 Cen Lib/Ret 120.00   851 ਸਰਨਾ A-977660 15/01/2016 1 120.00 15/01/2016 Punjabi Bks

© Delhi Public Library
Hit Counter
free hit counter